000 00987nam a22002055i 4500
001 164506
003 ES-MaACL
005 20250615063045.0
008 050804s1825 sp | |||||||| ||spa d
040 _aCAM
_bspa
_cCAM
100 1 _aSan Germán, Antonio de,
_d1755-1833
_9132371
_eaut
245 1 0 _aOración inaugural que en la apertura del curso académico del Real Colegio de Cirugía-Médica de esta plaza dijo Antonio de San-Germán... el día 3 de octubre de 1825.
260 _aBarcelona :
_b[s.n.,
_cca.1825]
_f(Imp. de la viuda Pla, administrada por Vicente Verdaguer)
300 _a25 p. ;
_c20 cm.
500 _aTema del discurso: "Sobre la preeminencia y utilidad de la cirugia-medica"
610 2 4 _aReal Colegio de Cirugía Médica de Barcelona.
_9134785
852 _aES-MaACL
_jT-366-F-22
_z-- Enc. hol.
_z-- Dedic. ms. de José Velez San¿? a la Sociedad de los Escolares Medicos
_z-- Enc. en un vol. facticio
942 _2udc
999 _c164506
_d164506